000 00534nam a2200229Ia 4500
003 OSt
005 20220912144334.0
006 a|||||r|||| 00| 0
007 ta
008 220909b |||||||| |||| 00| 0 eng d
020 _aSL01534490
024 _a193721
037 _cTextual
040 _aCSL
_beng
_cCSL
041 _aeng
082 _aB2T, P3;p9;5
100 _aSharma JK
245 0 _aOperations research
700 _aSharma JK
942 _hB2T, P3;p9;5
_cTEXL
_2CC
999 _c5356
_d5356